| 000 | 00863cad a22002175a 4500 | ||
|---|---|---|---|
| 001 | L156728 | ||
| 008 | 120702s2012 xxkqr p 0 a0eng u | ||
| 035 | _a(Sirsi) u156728 | ||
| 041 | 0 | _aeng | |
| 100 | 1 | _aScott, Lynne | |
| 110 | 2 | _aShepherd and Wedderburn LLP | |
| 245 | 0 | 0 |
_aBuilding information modelling _bone year on _h[electronic resource] |
| 260 |
_a[S.l.] _bShepherd and Wedderburn LLP _c2012 |
||
| 520 | _aLooks at the government's Construction Strategy and suggests that there is unspoken acknowledgement that the legal issuess may not be quite as straightforward as simply making minor contract amendments. | ||
| 590 | _aKA NTK | ||
| 651 | 4 |
_aUnited Kingdom _y |
|
| 690 |
_aBIM _96219 |
||
| 690 |
_aContracts _96232 |
||
| 856 | 4 | 0 |
_uhttps://www.shepwedd.co.uk/knowledge/?a=4799 _zRead the article free of charge at www.shepwedd.co.uk |
| 942 | _n0 | ||
| 999 |
_c114392 _d114392 |
||